000 01223nam0a2200301 4500
001 RU\NLR\BIBL_A\012533849
005 20250624061518.0
010 _a978-5-905160-18-9
_9200
021 _aRU
_b2021-1558
_9КН-П-113
035 _a(RuMoRGB)010552849
035 _a(NLR Aleph) 012533849
090 _a12375969
_c12375969
100 _a20210602d2020 |||y0rusy50 ca
101 1 _aeng
_ctat
102 _aRU
105 _aac z 000zy
200 1 _aAlfiya Avzalova
_ememories
_f[author and compiler Z. Nigmedzyanova-Avzalova
_gtranslated from the Tatar by Gulnaz Sultanova and Azat Sultanov]
210 _aKazan
_cKhalkybyz Mirasy
_d2020
215 _a207 с.
_cил., цв. ил., портр.
_d25
600 1 _aАвзалова
_bA. A.
_f1933 - 2017
_gАльфия Авзаловна
_92480809
_3RU\NLR\AUTH\6601689274
686 1 _aЩ364.13(2Р=Тат)7-86Авзалова А.А.
702 1 _4570
_7ba
_8rus
_aAvzalova
_bA. A.
_f1933-2017
_gAl'fija Avzalovna
_9231361
_3RU\NLR\AUTH\770231417
702 1 _4220
_7ba
_8rus
_aNigmedzjanova-Avzalova
_bZ. G.
_f1962-
_gZul'fija Gumerovna
_9231373
_3RU\NLR\AUTH\770231429
942 _cBOOK
980 _aNB